[Event "aston294"]
[Site "SchemingMind.com"]
[Date "2011.02.02"]
[Round "-"]
[White "Clive Everill"]
[Black "baobab"]
[Result "0-1"]
[WhiteCountry "CZE"]
[BlackCountry "ITA"]
[WhiteElo "1679"]
[WhiteRD "53"]
[BlackElo "1635"]
[BlackRD "72"]
[GameID "274826"]

1. e4 d5 2. exd5 Nf6 3. Bb5+ c6 4. dxc6 Nxc6 5. Nf3 Qb6 6. Nc3 e6 7. O-O Bd7 8. d3 Bb4 9. Bxc6 Bxc6 10. Bd2 O-O
11. Nd5 Nxd5 12. Bxb4 Nxb4 13. c3 Nd5 14. Ne5 h6 15. Qc2 Rad8 16. a3 Nf4 17. d4 Bxg2 18. Rfe1 Bd5 19. c4 Nh3+ 20. Kf1 Qa6
21. b3 Rc8 22. Qd3 Nf4 23. Qd2 Bg2+ 24. Kg1 g5 25. Qe3 Qd6 26. Ng4 Kh7 27. Nf6+ Kg6 28. Ng4 Rce8 29. Ne5+ Kg7 30. Ng4 Bc6
31. f3 b5 32. Qe5+ Qxe5 33. Nxe5 Rc8 34. Nxc6 Rxc6 35. cxb5 Rc2 36. a4 Rd8 37. Re4 Nh3+ 38. Kf1 Rxh2 39. Ra3 Rf2+ 40. Ke1 Rxf3
41. a5 Rd3 42. b6 axb6 43. axb6 Rb8 44. Ra6 Rxb3 45. d5 exd5 46. Rd4 R3xb6 47. Ra3 Rb1+ 48. Kd2 R8b2+ 49. Kc3 Nf4 50. Rda4 Rh2
51. Kd4 Rh4 52. Ra7 Rb4+ 53. Ke5 Re4+ 54. Kd6 d4 55. Rc7 d3 56. Raa7 Re6+ 57. Kc5 Rf6 58. Ra1 Ne6+
0-1

[Event "aston294"]
[Site "SchemingMind.com"]
[Date "2011.02.02"]
[Round "-"]
[White "flammablepawn"]
[Black "cnile"]
[Result "1-0"]
[WhiteCountry "USA"]
[BlackCountry "SCO"]
[WhiteElo "1757"]
[WhiteRD "103"]
[BlackElo "1459"]
[BlackRD "63"]
[GameID "274827"]

1. b4 e5 2. Bb2 Bxb4 3. Bxe5 Bf8 4. Nf3 Nc6 5. Bb2 f6 6. e3 d5 7. Be2 Bd6 8. O-O Nge7 9. c4 dxc4 10. Bxc4 Bf5
11. Nc3 a6 12. e4 Bg6 13. d3 b5 14. Bb3 Bf7 15. Bxf7+ Kxf7 16. Qb3+ Kf8 17. Ne2 Ne5 18. Nfd4 Qd7 19. Ne6+ Ke8 20. Nxg7+ Kd8
21. Ne6+ Kc8 22. N6f4 Rg8 23. Rad1 Qg4 24. Qe6+ Qxe6 25. Nxe6 N7c6 26. d4 Nc4 27. Ba1 Kd7 28. d5 N6e5 29. N2d4 Rg6 30. Nf5 Rag8
31. g3 Rg4 32. Nh6 Nf3+ 33. Kg2 Nh4+ 34. Kh3 Nf3 35. Nxg4 Ng5+ 36. Nxg5 fxg5 37. Nf6+
1-0

[Event "aston294"]
[Site "SchemingMind.com"]
[Date "2011.02.02"]
[Round "-"]
[White "baobab"]
[Black "Clive Everill"]
[Result "1/2-1/2"]
[WhiteCountry "ITA"]
[BlackCountry "CZE"]
[WhiteElo "1604"]
[WhiteRD "78"]
[BlackElo "1688"]
[BlackRD "52"]
[GameID "274831"]

1. d4 f5 2. c4 c6 3. Nc3 g6 4. e4 d6 5. Qc2 Bg7 6. Be3 Na6 7. a3 Nf6 8. Bd3 fxe4 9. Nxe4 Nxe4 10. Bxe4 O-O
11. Nf3 Bg4 12. O-O e5 13. dxe5 Bxf3 14. Bxf3 Bxe5 15. Rfe1 Qh4 16. g3 Qd8 17. Be4 Qf6 18. Rab1 Nc7 19. b4 Ne6 20. b5 cxb5
21. Rxb5 Nd4 22. Bxd4 Bxd4 23. Re2 Rae8 24. Bd5+ Kh8 25. Rxe8 Rxe8 26. Kf1 Qe5 27. Qd2 Bc3 28. Qd1 Qf6 29. Kg2 Be1 30. Qf3 Qxf3+
31. Kxf3 Rf8+ 32. Ke2 Bxf2 33. Rxb7 Bc5 34. Bf3 Bxa3 35. Rxa7 Bc5 36. Rd7 Re8+ 37. Kf1 Re3 38. Bd5 Rb3=
1/2-1/2

[Event "aston294"]
[Site "SchemingMind.com"]
[Date "2011.02.03"]
[Round "-"]
[White "cnile"]
[Black "flammablepawn"]
[Result "0-1"]
[WhiteCountry "SCO"]
[BlackCountry "USA"]
[WhiteElo "1442"]
[WhiteRD "58"]
[BlackElo "1834"]
[BlackRD "96"]
[GameID "274832"]

1. d4 e6 2. c4 d5 3. Nf3 c6 4. Nc3 Nf6 5. Bg5 Be7 6. e3 Nbd7 7. Rc1 O-O 8. cxd5 exd5 9. Bd3 h6 10. Bxf6 Nxf6
11. a3 Bg4 12. h3 Bxf3 13. Qxf3 Qb6 14. b4 a5 15. O-O axb4 16. axb4 Qxb4 17. Ne2 Ra3 18. Ng3 Rxd3 19. Rb1 Rb3 20. Rxb3 Qxb3
21. Nf5 Qb4 22. Qg3 g6 23. Nxh6+ Kh7 24. Ng4 Nxg4 25. Qxg4 Qd6 26. Rb1 Rb8 27. h4 Qe6 28. Qf4 Bd6 29. Qf3 f5 30. h5 Qe4
31. Qh3 Qxb1#
0-1

[Event "aston294"]
[Site "SchemingMind.com"]
[Date "2011.02.03"]
[Round "-"]
[White "Tuisceanach44"]
[Black "lennart"]
[Result "1-0"]
[WhiteCountry "IRL"]
[BlackCountry "SWE"]
[WhiteElo "2037"]
[WhiteRD "99"]
[BlackElo "1522"]
[BlackRD "55"]
[GameID "274933"]

1. d4 d5 2. c4 dxc4 3. Nf3 f6 4. e4 e5 5. Bxc4 Ne7 6. O-O Nd7 7. dxe5 fxe5 8. Ng5 Ng6 9. Nf7 Qf6 10. Nxh8 Nxh8
11. Nc3 Nb6 12. Bb3 Bd7 13. Be3 Nc8 14. Rc1 Ne7 15. Nd5 Nxd5 16. Bxd5 c6 17. Bb3 Nf7 18. Qh5 Be6 19. Bxe6 Qxe6 20. b3 h6
21. Rfd1 Bd6 22. Qe2 Kf8 23. Bc5 Bxc5 24. Rxc5 Kg8 25. Qc4 Qg4 26. f3 Qg5 27. Qe2 Rc8 28. Rc3 Qe7 29. Rcd3 Rc7 30. Qd2 Rc8
31. Rd7 Qf8 32. Rxb7 Nd8 33. Rxa7 c5 34. Qd5+ Kh8 35. Qd7
1-0

[Event "aston294"]
[Site "SchemingMind.com"]
[Date "2011.02.03"]
[Round "-"]
[White "lennart"]
[Black "Tuisceanach44"]
[Result "0-1"]
[WhiteCountry "SWE"]
[BlackCountry "IRL"]
[WhiteElo "1522"]
[WhiteRD "55"]
[BlackElo "2037"]
[BlackRD "99"]
[GameID "274938"]

1. e4 c5 2. Nf3 d6 3. Bc4 Nf6 4. d3 Nc6 5. d4 cxd4 6. Nxd4 g6 7. O-O Nxe4 8. Nxc6 bxc6 9. Nc3 Nxc3 10. bxc3 Bg7
11. Qf3 d5 12. Bb3 O-O 13. Ba4 Qd6 14. Bf4 e5 15. Bg3 Bf5 16. Rad1 Qf6 17. Qe3 e4 18. Qc5 Rfc8 19. Bb3 Qxc3 20. Qa3 e3
21. f4 e2
0-1

[Event "aston294"]
[Site "SchemingMind.com"]
[Date "2011.02.04"]
[Round "-"]
[White "aston294"]
[Black "BigDaddy"]
[Result "0-1"]
[WhiteCountry "ENG"]
[BlackCountry "AUT"]
[WhiteElo "1085"]
[WhiteRD "99"]
[BlackElo "1388"]
[BlackRD "77"]
[GameID "275035"]

1. d4 Nf6 2. Nf3 d5 3. Nc3 e6 4. e3 Bb4 5. a3 Bxc3+ 6. bxc3 O-O 7. Ne5 Nc6 8. Nxc6 bxc6 9. Bd3 g6 10. O-O Qe7
11. Qf3 h5 12. Rb1 Qd6 13. c4 Ng4 14. h3 Qh2#
0-1

[Event "aston294"]
[Site "SchemingMind.com"]
[Date "2011.02.05"]
[Round "-"]
[White "BigDaddy"]
[Black "aston294"]
[Result "1-0"]
[WhiteCountry "AUT"]
[BlackCountry "ENG"]
[WhiteElo "1401"]
[WhiteRD "73"]
[BlackElo "1075"]
[BlackRD "65"]
[GameID "275038"]

1. e4 e5 2. Nf3 Nc6 3. Bb5 a6 4. Bxc6 dxc6 5. d4 exd4 6. Nxd4 c5 7. Nf3 Nf6 8. Nc3 Qxd1+ 9. Kxd1 Bg4 10. h3 Bxf3+
11. gxf3 Bd6 12. Bg5 h6 13. Bxf6 gxf6 14. Nd5 c6 15. Nxf6+ Kd8 16. Ke2 Rf8 17. Rad1 Ke7 18. Ng4 h5 19. Nh6 Rh8 20. Nf5+ Ke6
21. Nxd6 Rad8 22. Nxb7 Rxd1 23. Rxd1 Rb8 24. Rd6+ Ke5 25. Rd7 c4 26. Rxf7 Rg8 27. Rf5+ Ke6 28. Rxh5 Kf6 29. Rh6+ Rg6 30. e5+ Kxe5
31. Rxg6 Kf5 32. Rxc6 Ke5 33. Rxa6
1-0

[Event "aston294"]
[Site "SchemingMind.com"]
[Date "2011.02.08"]
[Round "-"]
[White "jlstu"]
[Black "Mark Miller"]
[Result "1-0"]
[WhiteCountry "USA"]
[BlackCountry "ENG"]
[WhiteElo "1708"]
[WhiteRD "91"]
[BlackElo "1807"]
[BlackRD "97"]
[GameID "275217"]

1. e4 e6 2. d4 d5 3. exd5 exd5 4. Nc3 Bb4 5. Bd2 Ne7 6. Nf3 Bf5 7. a3 Bd6 8. Be2 a6 9. O-O f6 10. Re1 c5
11. dxc5 Bxc5 12. Bf4 Bd6 13. Nxd5 Bxf4 14. Nxe7 Kxe7 15. Bc4+ Be5 16. Nxe5 Qxd1 17. Ng6+ Kd6 18. Raxd1+ Kc5 19. Nxh8 Kxc4 20. Nf7 Bxc2
21. Rd2 Kb3 22. Ree2 Bg6 23. Nd6 Nc6 24. Nxb7 Ka2 25. Re3 Re8 26. Rxe8 Bxe8 27. Nc5 a5 28. Ne6 g5 29. Nf8 h5 30. Nh7 Ne5
31. Nxf6 Bg6 32. Rd5 Nf7 33. Rxa5 Kxb2 34. Ra7 Ne5 35. Ra5 Nf7 36. f4 gxf4 37. Nxh5 f3 38. g3
1-0

[Event "aston294"]
[Site "SchemingMind.com"]
[Date "2011.02.12"]
[Round "-"]
[White "emvarela"]
[Black "Gary"]
[Result "1-0"]
[WhiteCountry "ARG"]
[BlackCountry "ENG"]
[WhiteElo "1827"]
[WhiteRD "52"]
[BlackElo "1469"]
[BlackRD "60"]
[GameID "275218"]

1. e4 c5 2. Nf3 d6 3. d4 cxd4 4. Nxd4 Nf6 5. Nc3 g6 6. Be3 Bg7 7. f3 O-O 8. Qd2 b6 9. O-O-O Bb7 10. Bc4 Nbd7
11. Bh6 Rc8 12. Bb3 Nc5 13. Bxg7 Kxg7 14. Bd5 Bxd5 15. Nxd5 e6 16. Nxf6 Qxf6 17. Nb5 Rfd8 18. Qd4 e5 19. Qd5 a6 20. Na7
1-0

[Event "aston294"]
[Site "SchemingMind.com"]
[Date "2011.02.08"]
[Round "-"]
[White "Mark Miller"]
[Black "jlstu"]
[Result "1-0"]
[WhiteCountry "ENG"]
[BlackCountry "USA"]
[WhiteElo "1807"]
[WhiteRD "97"]
[BlackElo "1708"]
[BlackRD "91"]
[GameID "275224"]

1. e4 e5 2. Nf3 Nc6 3. Bb5 Bc5 4. c3 Nge7 5. O-O a6 6. Ba4 d5 7. exd5 Qxd5 8. d4 exd4 9. cxd4 Ba7 10. Nc3 Qd8
11. Bg5 f6 12. d5 b5 13. dxc6 fxg5 14. Qxd8+ Kxd8 15. Rad1+ Ke8 16. Rfe1 Bc5 17. Nd5 Bd6 18. Bb3 Kf8 19. Nb6 Rb8 20. Nxc8 Nxc8
21. Nxg5 h6 22. Ne6+ Ke8 23. Nxc7+ Kd8 24. Ne6+ Ke7 25. c7 Ra8 26. Nc5+ Kf8 27. Nd7#
1-0

[Event "aston294"]
[Site "SchemingMind.com"]
[Date "2011.02.12"]
[Round "-"]
[White "Gary"]
[Black "emvarela"]
[Result "0-1"]
[WhiteCountry "ENG"]
[BlackCountry "ARG"]
[WhiteElo "1541"]
[WhiteRD "60"]
[BlackElo "1799"]
[BlackRD "49"]
[GameID "275225"]

1. c4 Nf6 2. Nf3 g6 3. e3 Bg7 4. Be2 c5 5. O-O O-O 6. Nc3 Nc6 7. b3 d6 8. Bb2 a6 9. d4 cxd4 10. Nxd4 Nxd4
11. exd4 Bd7 12. Bf3 Rb8 13. Re1 b5 14. Qe2 e6 15. Rac1 b4 16. Ne4 Nxe4
0-1

[Event "aston294"]
[Site "SchemingMind.com"]
[Date "2011.02.08"]
[Round "-"]
[White "Olli Ylönen"]
[Black "spoke"]
[Result "0-1"]
[WhiteCountry "FIN"]
[BlackCountry "GER"]
[WhiteElo "1607"]
[WhiteRD "58"]
[BlackElo "1691"]
[BlackRD "63"]
[GameID "275337"]

1. d4 Nf6 2. Nf3 g6 3. c4 Bg7 4. Nc3 d5 5. Bg5 Ne4 6. cxd5 Nxc3 7. bxc3 Qxd5 8. e3 b6 9. Bd3 Bb7 10. e4 Qa5
11. O-O Nc6 12. d5 Ne5 13. Qb3 Nxd3
0-1

[Event "aston294"]
[Site "SchemingMind.com"]
[Date "2011.02.08"]
[Round "-"]
[White "spoke"]
[Black "Olli Ylönen"]
[Result "1-0"]
[WhiteCountry "GER"]
[BlackCountry "FIN"]
[WhiteElo "1683"]
[WhiteRD "65"]
[BlackElo "1640"]
[BlackRD "55"]
[GameID "275346"]

1. e4 e5 2. Nf3 Nc6 3. Bc4 Bc5 4. c3 Nf6 5. d4 exd4 6. cxd4 Bb4+ 7. Bd2 Nxe4 8. Bxb4 Nxb4 9. Bxf7+ Kxf7 10. Qb3+ d5
11. Qxb4 Re8 12. Ne5+ Kg8 13. O-O c5 14. Qa4 cxd4 15. Qxd4 Qd6 16. Nd3 b6 17. f3 Ng3 18. hxg3 Qxg3 19. Qf2 Qxf2+ 20. Nxf2 Bb7
21. Nd2 d4 22. Nde4 Bxe4 23. Nxe4
1-0

[Event "aston294"]
[Site "SchemingMind.com"]
[Date "2011.02.10"]
[Round "-"]
[White "John Hamer"]
[Black "loco61"]
[Result "1-0"]
[WhiteCountry "ENG"]
[BlackCountry "ENG"]
[WhiteElo "2000"]
[WhiteRD "68"]
[BlackElo "1561"]
[BlackRD "72"]
[GameID "275425"]

1. d4 d5 2. c4 e6 3. Nc3 Bb4 4. e3 Ne7 5. Bd2 Nbc6 6. a3 Bxc3 7. Bxc3 O-O 8. Nf3 a6 9. Qc2 dxc4 10. Bxc4 b5
11. Bd3 g6 12. h4 f5 13. O-O Nd5 14. Bd2 Nce7 15. Ne5 Bb7 16. Rfc1 Rc8 17. Qb3 Rf6 18. Rc5 Qd6 19. a4 Nb6 20. axb5 Bd5
21. Qc2 axb5 22. Rxb5 Nd7 23. Bb4 c5 24. Bxc5 Nxc5 25. Rxc5 Rxc5 26. Qxc5 Qxc5 27. dxc5 Nc6 28. Nd7 Rf7 29. Ra8+ Kg7 30. Nb6 Bb3
31. Bb5 Ne5 32. f4 Ng4 33. c6 Nxe3 34. Nd7 Nd5 35. Ra7 Ne7 36. Ne5 Kf6 37. Nxf7 Kxf7 38. c7 Nc8 39. Ra8 Nb6 40. Rb8
1-0

[Event "aston294"]
[Site "SchemingMind.com"]
[Date "2011.02.10"]
[Round "-"]
[White "loco61"]
[Black "John Hamer"]
[Result "0-1"]
[WhiteCountry "ENG"]
[BlackCountry "ENG"]
[WhiteElo "1557"]
[WhiteRD "70"]
[BlackElo "1952"]
[BlackRD "70"]
[GameID "275431"]

1. e4 c6 2. Nf3 d5 3. exd5 cxd5 4. Bb5+ Nc6 5. c3 Bd7 6. Qb3 Nf6 7. d4 e6 8. Bf4 Nh5 9. Be3 Bd6 10. Nbd2 O-O
11. Be2 Qc7 12. O-O-O a5 13. Qc2 Rfc8 14. Ng5 Nf6 15. h4 Nb4 16. Qb3 a4
0-1

[Event "aston294"]
[Site "SchemingMind.com"]
[Date "2011.02.15"]
[Round "-"]
[White "pclaxton"]
[Black "Coretismo"]
[Result "0-1"]
[WhiteCountry "ENG"]
[BlackCountry "ENG"]
[WhiteElo "1375"]
[WhiteRD "60"]
[BlackElo "2039"]
[BlackRD "113"]
[GameID "275809"]

1. e4 e5 2. Nf3 d6 3. d3 f5 4. Bg5 Nf6 5. Nc3 c6 6. b3 Be7 7. Nh4 f4 8. g3 Qa5 9. Kd2 Bg4 10. f3 Nxe4+
11. dxe4 Bxg5 12. Ng2 fxg3+ 13. Kd3 O-O 14. fxg4 Qc5 15. h4 Qd4+ 16. Ke2 Rf2+ 17. Ke1 Bd2+ 18. Qxd2 Qxd2#
0-1

[Event "aston294"]
[Site "SchemingMind.com"]
[Date "2011.02.15"]
[Round "-"]
[White "Coretismo"]
[Black "pclaxton"]
[Result "1-0"]
[WhiteCountry "ENG"]
[BlackCountry "ENG"]
[WhiteElo "2039"]
[WhiteRD "113"]
[BlackElo "1375"]
[BlackRD "60"]
[GameID "275814"]

1. c4 e5 2. Nc3 c6 3. d4 f6 4. e4 Ne7 5. Nf3 d5 6. dxe5 dxe4 7. Qxd8+ Kxd8 8. Nxe4 Ng6 9. exf6 gxf6 10. Nxf6 Bg7
11. Nh5 Re8+ 12. Be2 Bg4 13. Nxg7 Rg8 14. Bh6 Nd7 15. O-O-O Nf4 16. Bxf4 Rxg7 17. Rhe1 b5 18. Ne5 Bf5 19. Nxc6+ Ke8 20. Bh5+ Kf8
21. Bh6 Nf6 22. Bxg7+ Kxg7 23. Bf3 Rc8 24. cxb5 a5 25. Rd8 Rc7 26. Re7+ Rxe7 27. Nxe7 Be6 28. b6 Bxa2 29. b7 Kf7 30. b8=Q Kxe7
31. Qd6+ Kf7 32. Rf8+ Kg7 33. Qxf6#
1-0

[Event "aston294"]
[Site "SchemingMind.com"]
[Date "2011.02.19"]
[Round "-"]
[White "lontjr"]
[Black "SittingBull"]
[Result "0-1"]
[WhiteCountry "USA"]
[BlackCountry "CAN"]
[WhiteElo "1478"]
[WhiteRD "82"]
[BlackElo "1919"]
[BlackRD "86"]
[GameID "276240"]

1. e4 c5 2. Nc3 Nc6 3. f4 d6 4. Nf3 e6 5. Bb5 Ne7 6. d3 Bd7 7. Be3 g6 8. Qd2 Bg7 9. O-O-O O-O 10. d4 cxd4
11. Bxc6 dxc3 12. bxc3 Nxc6
0-1

[Event "aston294"]
[Site "SchemingMind.com"]
[Date "2011.02.19"]
[Round "-"]
[White "SittingBull"]
[Black "lontjr"]
[Result "1-0"]
[WhiteCountry "CAN"]
[BlackCountry "USA"]
[WhiteElo "1919"]
[WhiteRD "86"]
[BlackElo "1478"]
[BlackRD "82"]
[GameID "276247"]

1. e4 c5 2. Nf3 g6 3. c4 Nc6 4. d4 cxd4 5. Nxd4 Nf6 6. Nc3 d6 7. Nc2 Bg7 8. Bd2 O-O 9. Be2 Nd7 10. O-O b6
11. f3 Bb7 12. b4 e5 13. b5 Nd4 14. Nxd4 exd4 15. Nd5 d3 16. Bxd3 Bxa1 17. Qxa1 f6 18. Nf4 Ne5 19. Qd4 Qe7 20. Bb4 Nxd3
21. Qxd3 Rfd8 22. Rd1 Qf7 23. Bxd6 Rd7 24. Qc3 g5 25. Nd5 Rad8 26. Nxf6+
1-0

[Event "aston294"]
[Site "SchemingMind.com"]
[Date "2011.02.24"]
[Round "-"]
[White "o.malito"]
[Black "holandes"]
[Result "1-0"]
[WhiteCountry "ITA"]
[BlackCountry "POR"]
[WhiteElo "1643"]
[WhiteRD "69"]
[BlackElo "1468"]
[BlackRD "104"]
[GameID "276340"]

1. d4 d5 2. c4 Nf6 3. cxd5 Nxd5 4. e4 Nf6 5. Nc3 e6 6. Nf3 Nc6 7. Bg5 Be7 8. Bb5 Bd7 9. O-O O-O 10. Re1 h6
11. Bh4 a6 12. Bxc6 Bxc6 13. Ne5 Nh7 14. Bxe7 Qxe7 15. d5 Bd7 16. Nc4 Rfd8 17. Qb3 b5 18. Ne5 Nf6 19. Rad1 Qc5 20. Nxd7 Rxd7
21. dxe6 Re7 22. exf7+ Rxf7 23. e5 Ng4 24. Rd2 Kf8 25. e6 Rxf2 26. e7+ Ke8 27. Ne4 Rf3+ 28. Nxc5 Rxb3 29. Nxb3 c6 30. Nd4 Rc8
31. Nxc6
1-0

[Event "aston294"]
[Site "SchemingMind.com"]
[Date "2011.02.20"]
[Round "-"]
[White "chessbaer"]
[Black "Aadsje"]
[Result "0-1"]
[WhiteCountry "GER"]
[BlackCountry "NED"]
[WhiteElo "1747"]
[WhiteRD "191"]
[BlackElo "2122"]
[BlackRD "66"]
[GameID "276341"]

1. c4 e6 2. Nc3 d5 3. d4 Nf6 4. cxd5 exd5 5. Bg5 c6 6. e3 Be7 7. Qc2 Nbd7 8. Bd3 O-O 9. Nf3 h6 10. Bf4 Nh5
11. Be5 Nxe5 12. Nxe5 Nf6 13. O-O Bd6 14. Bf5 Bxe5 15. dxe5 Ng4 16. Bxg4 Bxg4 17. h3 Bh5 18. Ne2 Bxe2 19. Qxe2 Re8 20. f4 f6
21. exf6 Qxf6 22. Rac1 Re4 23. Rcd1 Rae8 24. Rd3 Rxf4 25. Rxf4 Qxf4 26. exf4 Rxe2 27. Ra3 Rxb2 28. Rxa7 d4
0-1

[Event "aston294"]
[Site "SchemingMind.com"]
[Date "2011.02.21"]
[Round "-"]
[White "holandes"]
[Black "o.malito"]
[Result "1-0"]
[WhiteCountry "POR"]
[BlackCountry "ITA"]
[WhiteElo "1509"]
[WhiteRD "105"]
[BlackElo "1585"]
[BlackRD "70"]
[GameID "276347"]

1. e4 c5 2. c3 d5 3. exd5 Qxd5 4. d4 Nf6 5. Nf3 Bg4 6. Be2 e6 7. h3 Bh5 8. O-O Nc6 9. Be3 O-O-O 10. dxc5 Bxc5
11. Qxd5 Rxd5 12. Bxc5 Rxc5 13. Nbd2 Rd8 14. Nb3 Rcd5 15. Rfd1 Rxd1+ 16. Rxd1 Rxd1+ 17. Bxd1 Kc7 18. g4 Bg6 19. Nbd4 Nxd4 20. cxd4 Nd5
21. Bb3 Nf4 22. Kh2 Kd6 23. Bc4 f6 24. Bf1 Kd5 25. Kg3 e5 26. dxe5 fxe5 27. b3 a5 28. Bc4+ Kd6 29. h4 h5 30. gxh5
1-0

[Event "aston294"]
[Site "SchemingMind.com"]
[Date "2011.02.20"]
[Round "-"]
[White "Aadsje"]
[Black "chessbaer"]
[Result "1-0"]
[WhiteCountry "NED"]
[BlackCountry "GER"]
[WhiteElo "2122"]
[WhiteRD "66"]
[BlackElo "1747"]
[BlackRD "191"]
[GameID "276348"]

1. e4 c5 2. Nf3 Nc6 3. Bb5 g6 4. O-O Bg7 5. Re1 Nf6 6. c3 O-O 7. d4 cxd4 8. cxd4 d5 9. e5 Ne4 10. Nc3 Nxc3
11. bxc3 Na5 12. Bg5 Bf5 13. Qc1 a6 14. Be2 f6 15. Bh6 Rf7 16. exf6 exf6 17. Nh4 Bd7 18. Bf3 Bc6 19. Bxg7 Rxg7 20. Qe3 Nc4
21. Qd3 Bb5 22. g3 Nb2 23. Qc2 Na4 24. Qb3 Nb6 25. Ng2 Rc8 26. Nf4 Bc4 27. Qb4 Rc6 28. Ne6
1-0

[Event "aston294"]
[Site "SchemingMind.com"]
[Date "2011.02.22"]
[Round "-"]
[White "carosoko"]
[Black "Naoki_M"]
[Result "0-1"]
[WhiteCountry "BEL"]
[BlackCountry "JPN"]
[WhiteElo "1472"]
[WhiteRD "167"]
[BlackElo "1605"]
[BlackRD "71"]
[GameID "276520"]

1. c4 c5 2. Nf3 Nf6 3. Nc3 Nc6 4. g3 g6 5. Bg2 Bg7 6. O-O O-O 7. d4 cxd4 8. Nxd4 Nxd4 9. Qxd4 Nd5 10. Qxd5 Rb8
11. Bf4 d6 12. Rad1 Be6 13. Qd3 b6 14. b3 Rc8 15. Nd5 Bxd5 16. Bxd5 e5 17. Bc1 Qc7 18. Ba3 Rfd8 19. f4 Kh8
0-1

[Event "aston294"]
[Site "SchemingMind.com"]
[Date "2011.02.23"]
[Round "-"]
[White "Naoki_M"]
[Black "carosoko"]
[Result "1-0"]
[WhiteCountry "JPN"]
[BlackCountry "BEL"]
[WhiteElo "1605"]
[WhiteRD "71"]
[BlackElo "1472"]
[BlackRD "167"]
[GameID "276527"]

1. d4 Nf6 2. c4 e6 3. Nc3 d5 4. Nf3 Bb4 5. Bd2 c5 6. cxd5 cxd4 7. Nxd4 exd5 8. a3 Bxc3 9. Bxc3 O-O 10. g3 Nc6
11. Bg2 Be6 12. O-O Nxd4 13. Bxd4 Qd7 14. Bxf6 gxf6 15. Rc1 Rfc8 16. Qd4 Kg7 17. e4 dxe4 18. Qxd7 Bxd7 19. Rxc8
1-0

[Event "aston294"]
[Site "SchemingMind.com"]
[Date "2011.03.09"]
[Round "-"]
[White "spoke"]
[Black "Mark Miller"]
[Result "0-1"]
[WhiteCountry "GER"]
[BlackCountry "ENG"]
[WhiteElo "1683"]
[WhiteRD "65"]
[BlackElo "1807"]
[BlackRD "97"]
[GameID "277940"]

1. e4 e5 2. Nf3 Nc6 3. Bc4 Bc5 4. c3 Nf6 5. d4 exd4 6. cxd4 Bb4+ 7. Bd2 Nxe4 8. Bxb4 Nxb4 9. Bxf7+ Kxf7 10. Qb3+ d5
11. Ne5+ Ke8 12. Qxb4 Qg5 13. O-O Bh3 14. g3 Bxf1 15. Qxb7 Qf5 16. f4 Qh3
0-1

[Event "aston294"]
[Site "SchemingMind.com"]
[Date "2011.03.09"]
[Round "-"]
[White "Mark Miller"]
[Black "spoke"]
[Result "1-0"]
[WhiteCountry "ENG"]
[BlackCountry "GER"]
[WhiteElo "1807"]
[WhiteRD "97"]
[BlackElo "1683"]
[BlackRD "65"]
[GameID "277945"]

1. e4 e5 2. Nf3 Nc6 3. Bb5 Bb4 4. O-O Nge7 5. c3 Ba5 6. Qa4 Bb6 7. d4 Ng6 8. Be3 O-O 9. Nbd2 exd4 10. cxd4 Na5
11. b4 a6 12. Bd3 Nc6 13. b5 Na7 14. bxa6 bxa6 15. Nc4 Bb7 16. Nxb6 cxb6 17. d5 b5 18. Qb3 Nc8 19. a4 Nd6 20. axb5 axb5
21. Rxa8 Qxa8 22. Bc5 Qb8 23. e5
1-0

[Event "aston294"]
[Site "SchemingMind.com"]
[Date "2011.03.24"]
[Round "-"]
[White "concave"]
[Black "Aadsje"]
[Result "1-0"]
[WhiteCountry "GER"]
[BlackCountry "NED"]
[WhiteElo "2100"]
[WhiteRD "93"]
[BlackElo "1897"]
[BlackRD "56"]
[GameID "279003"]

1. e4 c5 2. Nf3 d6 3. d4 cxd4 4. Nxd4 Nf6 5. Nc3 g6 6. Be2 Bg7 7. O-O O-O 8. Be3 Nc6 9. h3 d5 10. Nxc6 bxc6
11. e5 Ne4 12. Nxe4 dxe4 13. Qxd8 Rxd8 14. Bf4 Be6 15. b3 h6 16. Rad1 g5 17. Bg3 Rd5 18. Bg4 Bxg4 19. hxg4 Rad8 20. Rxd5 cxd5
21. Rd1 Rc8 22. Rxd5 Rxc2 23. Ra5 Rc1+ 24. Kh2 Rc7 25. Ra4 e3 26. fxe3 Kf8 27. e6 Rc3 28. Rxa7
1-0

[Event "aston294"]
[Site "SchemingMind.com"]
[Date "2011.03.23"]
[Round "-"]
[White "Aadsje"]
[Black "concave"]
[Result "0-1"]
[WhiteCountry "NED"]
[BlackCountry "GER"]
[WhiteElo "1897"]
[WhiteRD "56"]
[BlackElo "2100"]
[BlackRD "93"]
[GameID "279008"]

1. d4 Nf6 2. Nf3 d5 3. c4 c6 4. Nc3 e6 5. e3 Nbd7 6. Qc2 Bd6 7. Be2 O-O 8. O-O dxc4 9. Bxc4 b5 10. Be2 Bb7
11. Rd1 Qc7 12. Bd2 Rfc8 13. a3 a5 14. b3 Nb6 15. e4 Nfd7 16. e5 Be7 17. Bg5 Bf8 18. Bh4 h6 19. Ne4 Nd5 20. Bd3 Nf4
21. Rd2 Nxd3 22. Rxd3 c5 23. Rc3 b4 24. axb4 axb4 25. Rxa8 Bxa8 26. Rc4 Nb6 27. Rxc5 Bxe4
0-1

[Event "aston294"]
[Site "SchemingMind.com"]
[Date "2011.05.08"]
[Round "-"]
[White "Tuisceanach44"]
[Black "flammablepawn"]
[Result "1-0"]
[WhiteCountry "IRL"]
[BlackCountry "USA"]
[WhiteElo "1951"]
[WhiteRD "62"]
[BlackElo "1841"]
[BlackRD "76"]
[GameID "283203"]

1. d4 e6 2. c4 d5 3. Nc3 c6 4. e4 dxe4 5. Nxe4 Bb4+ 6. Bd2 Qxd4 7. Bxb4 Qxe4+ 8. Be2 Na6 9. Ba5 b6 10. Qd6 Bd7
11. Bc3 Nf6 12. Nf3 Rd8 13. Rd1 c5 14. Ne5 Qb7 15. Bf3 Qc7 16. Qxc7 Nxc7 17. Nxd7 Rxd7 18. Bc6
1-0

[Event "aston294"]
[Site "SchemingMind.com"]
[Date "2011.05.08"]
[Round "-"]
[White "flammablepawn"]
[Black "Tuisceanach44"]
[Result "0-1"]
[WhiteCountry "USA"]
[BlackCountry "IRL"]
[WhiteElo "1841"]
[WhiteRD "76"]
[BlackElo "1951"]
[BlackRD "62"]
[GameID "283206"]

1. b4 e5 2. Bb2 Bxb4 3. Bxe5 Nf6 4. Nf3 d5 5. e3 Bg4 6. Be2 Nbd7 7. Bb2 O-O 8. O-O Re8 9. d3 c6 10. Nbd2 Qc7
11. c3 Bd6 12. h3 Be6 13. Nd4 a5 14. a4 Ne5 15. Nxe6 Rxe6 16. d4 Ng6 17. c4 Qe7 18. c5 Bc7 19. Bc3 Rxe3 20. fxe3 Qxe3+
21. Kh1 Qg3 22. Nf3 Nh4
0-1

[Event "aston294"]
[Site "SchemingMind.com"]
[Date "2011.05.18"]
[Round "-"]
[White "mochiron"]
[Black "SittingBull"]
[Result "1-0"]
[WhiteCountry "JPN"]
[BlackCountry "CAN"]
[WhiteElo "1411"]
[WhiteRD "80"]
[BlackElo "1855"]
[BlackRD "66"]
[GameID "284428"]

1. b4 e5 2. Bb2 d6 3. b5 Nf6 4. h3 Be7 5. e3 O-O 6. Nc3 Bd7 7. Be2 a6 8. h4 d5 9. h5 d4 10. exd4 exd4
11. a4 dxc3 12. Bxc3 axb5 13. a5 Ne4 14. Bxg7 Kxg7 15. Bd3 Nf6 16. h6+ Kh8 17. Nf3 Bc5 18. Ne5 Qe7 19. f4 Nc6 20. Qf3 Nxe5
21. fxe5 Qxe5+ 22. Kd1 Qxa1+ 23. Ke2 Qxh1 24. Qxf6+
1-0

[Event "aston294"]
[Site "SchemingMind.com"]
[Date "2011.05.18"]
[Round "-"]
[White "SittingBull"]
[Black "mochiron"]
[Result "1-0"]
[WhiteCountry "CAN"]
[BlackCountry "JPN"]
[WhiteElo "1916"]
[WhiteRD "63"]
[BlackElo "1376"]
[BlackRD "77"]
[GameID "284437"]

1. e4 c6 2. d4 d5 3. e5 Bf5 4. h4 h6 5. Nc3 e6 6. g4 Be4 7. Nxe4 dxe4 8. Bc4 Bb4+ 9. c3 Ba5 10. Qc2 b5
11. Bb3 Ne7 12. Qxe4 b4 13. Ne2 bxc3 14. Nxc3 Bxc3+ 15. bxc3 Nd7 16. Be3 Nb6 17. O-O-O Nbd5 18. Kc2 Nxe3+ 19. fxe3 Rb8 20. Rdf1 Rb5
21. Qf3 Rf8 22. Bxe6 Qb8 23. Bxf7+ Kd8 24. Rb1 Nd5 25. e4 c5 26. exd5 cxd4 27. c4 Rb4 28. Rxb4 Qxb4 29. Qb3 d3+ 30. Kxd3 Qxb3+
31. axb3 Rxf7 32. Ke4
1-0